书目信息 |
| 题名: |
沧桑分合
|
|
| 作者: | 郭建 著 | |
| 分册: | ||
| 出版信息: | 广州 广东人民出版社 2021 |
|
| 页数: | 288页 | |
| 开本: | 21cm | |
| 丛书名: | 爱上历史丛书 | |
| 单 册: | ||
| 中图分类: | K235.07 | |
| 科图分类: | ||
| 主题词: | 史评--中国--三国时代 , 史评--中国--魏晋南北朝时代 | |
| 电子资源: | ||
| ISBN: | 978-7-218-14671-3 | |
| 000 | 00903nam0 2200277 450 | |
| 001 | 011420379 | |
| 005 | 20210923132219.0 | |
| 010 | @a978-7-218-14671-3@dCNY58.00 | |
| 100 | @a20210923d2021 em y0chiy0120 ea | |
| 101 | 0 | @achi |
| 102 | @aCN@b440000 | |
| 105 | @ay z 000yy | |
| 106 | @ar | |
| 200 | 1 | @a沧桑分合@9cang sang fen he@e乱世中的演进@f郭建著 |
| 210 | @a广州@c广东人民出版社@d2021 | |
| 215 | @a288页@d21cm | |
| 225 | 1 | @a爱上历史丛书 |
| 300 | @a拿起就放不下的中国通史私教课·三国两晋南北朝 | |
| 330 | @a本书从政治、经济、宗教、法制等方面,勾画了这四百年的沧桑分合,力图揭示隐藏在纷繁芜杂的历史表象之下的诸多王朝兴衰成败的教训。 | |
| 461 | 0 | @12001 @a爱上历史丛书 |
| 606 | 0 | @a史评@y中国@z三国时代 |
| 606 | 0 | @a史评@y中国@z魏晋南北朝时代 |
| 690 | @aK235.07@v5 | |
| 701 | 0 | @a郭建@9guo jian@f(1956-)@4著 |
| 801 | 0 | @aCN@bBJXHZP@c20230228 |
| 905 | @b1399815-8@dK235.07@e165@f4 | |
| 沧桑分合:乱世中的演进/郭建著.-广州:广东人民出版社,2021 |
| 288页;21cm.-(爱上历史丛书) |
| 拿起就放不下的中国通史私教课·三国两晋南北朝 |
| ISBN 978-7-218-14671-3:CNY58.00 |
| 本书从政治、经济、宗教、法制等方面,勾画了这四百年的沧桑分合,力图揭示隐藏在纷繁芜杂的历史表象之下的诸多王朝兴衰成败的教训。 |
| ● |
| 相关链接 |
|
|
|
|
正题名:沧桑分合
索取号:K235.07/165
 
预约/预借
| 序号 | 登录号 | 条形码 | 馆藏地/架位号 | 状态 | 备注 |
| 1 | 1399815 | 213998156 | 第二样本阅览室/ [索取号:K235.07/165] | 在馆 | |
| 2 | 1399816 | 213998165 | 第二借阅区/ [索取号:K235.07/165] | 在馆 | |
| 3 | 1399817 | 213998174 | 第二借阅区/ [索取号:K235.07/165] | 在馆 | |
| 4 | 1399818 | 213998183 | 第二借阅区/ [索取号:K235.07/165] | 在馆 |